The Johannine letters : (Record no. 3440)
[ view plain ]
| 000 -LEADER | |
|---|---|
| fixed length control field | 00759nam a2200193 4500 |
| 008 - FIXED-LENGTH DATA ELEMENTS--GENERAL INFORMATION | |
| fixed length control field | 010823s1996 enk 0 engYA |
| 020 ## - INTERNATIONAL STANDARD BOOK NUMBER | |
| International Standard Book Number | 0800660471 |
| 090 ## - LOCALLY ASSIGNED LC-TYPE CALL NUMBER (OCLC); LOCAL CALL NUMBER (OCLC) | |
| Classification number (OCLC) (R) ; Classification number, CALL (RLIN) (NR) | BS491.2 |
| Local cutter number (OCLC) ; Book number/undivided call number, CALL (RLIN) | H42 |
| -- | EpJohn |
| 100 1# - MAIN ENTRY--PERSONAL NAME | |
| Personal name | Strecker, John |
| 245 10 - TITLE STATEMENT | |
| Title | The Johannine letters : |
| Remainder of title | a commentary on 1, 2, and 3 John / |
| Statement of responsibility, etc | by John Strecker; translation by Linda M. Maloney; edited by Harold Attridge. |
| 260 ## - PUBLICATION, DISTRIBUTION, ETC. (IMPRINT) | |
| Place of publication, distribution, etc | Minnesota : |
| Name of publisher, distributor, etc | Augsburg Fortress, |
| Date of publication, distribution, etc | c1996. |
| 300 ## - PHYSICAL DESCRIPTION | |
| Extent | xliv, 319 p. |
| 490 1# - SERIES STATEMENT | |
| Series statement | Hermeneia-a critical and historical commentary on the Bible |
| 504 ## - BIBLIOGRAPHY, ETC. NOTE | |
| Bibliography, etc | Biblio. : pp. 271-283. |
| 650 #4 - SUBJECT ADDED ENTRY--TOPICAL TERM | |
| Topical term or geographic name as entry element | Bible. N.T. Epistles of John |
| General subdivision | Commentaries. |
| 700 1# - ADDED ENTRY--PERSONAL NAME | |
| Personal name | Attridge, Harold |
| 700 1# - ADDED ENTRY--PERSONAL NAME | |
| Personal name | Maloney, Linda M. |
| 951 ## - EQUIVALENCE OR CROSS-REFERENCE-GEOGRAPHIC NAME/AREA NAME [OBSOLETE] [CAN/MARC only] | |
| -- | 20686 |
| -- | BS491.2/H42/EpJohn |
| -- | 070613110952031 |
| -- | 2000-12-21 |
| -- | REF |
| Withdrawn status | Lost status | Damaged status | Not for loan | Home library | Current library | Shelving location | Date acquired | Accession number | Shelving control number | Total Checkouts | Full call number | Date last seen | Price effective from | Koha item type |
|---|---|---|---|---|---|---|---|---|---|---|---|---|---|---|
| BSOP Library | BSOP Library | Reference | 12/21/2000 | 20686 | 127 | BS491.2/H42/EpJohn | 02/23/2013 | 02/23/2013 | Books |
